00509nam a2200169 i 450000100060000000300090000600500170001500700030003200800410003510000330007624500480010925000120015726000640016930000220023363000630025585200210031820145ES-MaACL20240210063856.0t|021107s1942 sp |||| | spa d1 aAguado, Emiliano,d1907-197910aLeyendo el "Génesis" / cEmiliano Aguado. a2ª ed. aMadrid : bEditora Nacional, c1942 (fSucs. de M. Minuesa) a193 p. ; c20 cm.04aBiblia. pA.T. pGénesis-xCrítica e interpretación. aES-MaACLjC-3939